| 000 | 01145cam a2200337 i 4500 | ||
|---|---|---|---|
| 001 | 200451894 | ||
| 003 | TR-AnTOB | ||
| 005 | 20240902132840.0 | ||
| 007 | ta | ||
| 008 | 971211t19971996tu a 000 0 tur d | ||
| 020 | _a9757539554 | ||
| 040 |
_aDLC _beng _erda _cDLC _dOCLCQ _dB9K _dSULEY _dTR-AnTOB |
||
| 041 | 0 | _atur | |
| 050 | 0 | 4 |
_aHG4661 _b.D63 1997 |
| 090 |
_aHG4661 _b.D63 1997 |
||
| 245 | 0 | 0 |
_aDoç. Dr. Yaman Aşıkoğlu'na armağan / _cSermaye Piyasası Kurulu. |
| 264 | 1 |
_aAnkara : _bSermaye Piyasası Kurulu, _c1997. |
|
| 300 |
_ax, 496 pages : _btables, graphs ; _c23 cm |
||
| 336 |
_atext _btxt _2rdacontent |
||
| 337 |
_aunmediated _bn _2rdamedia |
||
| 338 |
_avolume _bnc _2rdacarrier |
||
| 490 | 0 |
_aSermaye Piyasası Kurulu Yayın No ; _v56 |
|
| 504 | _aBIB | ||
| 600 | 1 |
_aAşıkoğlu, Yaman _d1957-1995 _936426 |
|
| 650 | 0 |
_aMenkul değerler borsası _zTürkiye _2etuturkob _984154 |
|
| 650 | 0 |
_aSermaye piyasası _zTürkiye _917859 |
|
| 710 | 2 |
_aSermaye Piyasası Kurulu (Türkiye) _917794 |
|
| 830 | 0 |
_aSermaye Piyasası Kurulu yayınları ; _vno. 56. _910927 |
|
| 942 |
_2lcc _cBK |
||
| 999 |
_c200451894 _d70106 |
||